Ensayos críticos sobre teoría monetaria (Registro nro. 5402)

Detalles MARC
000 -LEADER
fixed length control field 01056 a2200193 4500
001 - CONTROL NUMBER
control field 54231
005 - DATE AND TIME OF LATEST TRANSACTION
control field 20260407155813.0
008 - FIXED-LENGTH DATA ELEMENTS--GENERAL INFORMATION
fixed length control field 260407a1970 arg spa d
003 - CONTROL NUMBER IDENTIFIER
control field AR-UNSa-BCEJYS
040 ## - CATALOGING SOURCE
Original cataloging agency AR-UNSa-BCEJYS
Language of cataloging spa
Transcribing agency AR-UNSa-BCEJYS
080 ## - UNIVERSAL DECIMAL CLASSIFICATION NUMBER
Universal Decimal Classification number 330.1
Common auxiliary subdivision Ciencia económica. Conceptos fundamentales de teoría económica. Valor. Capital. Fondos
100 1# - MAIN ENTRY--PERSONAL NAME
Personal name Hicks, John Richard
245 10 - TITLE STATEMENT
Title Ensayos críticos sobre teoría monetaria
264 #1 - PRODUCTION, PUBLICATION, DISTRIBUTION, MANUFACTURE, AND COPYRIGHT NOTICE
Place of production, publication, distribution, manufacture Barcelona :
Name of producer, publisher, distributor, manufacturer Ariel
Date of production, publication, distribution, manufacture, or copyright notice 1970
300 ## - PHYSICAL DESCRIPTION
Extent 254 p.
Dimensions 19 cm.
505 ## - FORMATTED CONTENTS NOTE
Formatted contents note 1. Las dos tríadas-Lección I - 2. Las dos tríadas-Lección II - 3. Las dos tríadas-Lección III - 4. Una sugerncia para simplificar la Teoría monetaria(1935) - 5. El rendimiento de los "Consols" - 6. La teoría pura de la selección del portfolio - 7. Keynes y los "clásicos" - 8. Otra vez los "clásicos" - 9. La teoría monetaria y la historia:intento de perspectiva - 10. El Paper Credit de Thorton(1802) - 11. sobre el Treatise - 12. El asunto hayek
590 ## - LOCAL NOTE (RLIN)
Local note niveau_biblio:m niveau_hierar:0
942 ## - ADDED ENTRY ELEMENTS (KOHA)
Koha item type
Existencias
Withdrawn status Lost status Damaged status Not for loan Home library Current library Shelving location Date acquired Total checkouts Full call number Barcode Date last seen Price effective from Koha item type
        Biblioteca Prof. Eusebio Cleto del Rey Biblioteca Prof. Eusebio Cleto del Rey   07/04/2026   330.1 H631n L23388 07/04/2026 07/04/2026 Libro